[Event "mpj-chlopcy"]
[Site "?"]
[Date "2014.08.06"]
[Round "6.4"]
[White "Szczepanowski, Tomasz"]
[Black "Oglaza, Oskar"]
[Result "0-1"]
[LiveChessVersion "1.4.3"]
[BlackElo "1555"]
[WhiteElo "1175"]

1. e4 {[%clk 0:15:05]} c5 {[%clk 0:15:18]} 2. Nf3 {[%clk 0:15:12]} Nc6
{[%clk 0:15:26]} 3. Bc4 {[%clk 0:15:19]} e6 {[%clk 0:15:32]} 4. Nc3
{[%clk 0:15:21]} a6 {[%clk 0:15:22]} 5. a4 {[%clk 0:15:07]} Nge7 {[%clk 0:15:26]}
6. d3 {[%clk 0:14:43]} d5 {[%clk 0:15:33]} 7. Bb3 {[%clk 0:14:44]} d4
{[%clk 0:13:34]} 8. Ne2 {[%clk 0:13:42]} g6 {[%clk 0:13:35]} 9. Bf4
{[%clk 0:13:04]} Bg7 {[%clk 0:13:33]} 10. Ng3 {[%clk 0:12:39]} O-O
{[%clk 0:13:15]} 11. O-O {[%clk 0:12:16]} b6 {[%clk 0:12:40]} 12. Re1
{[%clk 0:10:12]} Bb7 {[%clk 0:12:12]} 13. e5 {[%clk 0:08:37]} Na5
{[%clk 0:12:04]} 14. Ne4 {[%clk 0:08:14]} Bxe4 {[%clk 0:11:53]} 15. Rxe4
{[%clk 0:08:01]} Nxb3 {[%clk 0:11:56]} 16. cxb3 {[%clk 0:08:06]} Nd5
{[%clk 0:11:53]} 17. Bg5 {[%clk 0:07:31]} Qc7 {[%clk 0:11:54]} 18. Re1
{[%clk 0:07:02]} b5 {[%clk 0:11:45]} 19. Qe2 {[%clk 0:06:45]} Rab8
{[%clk 0:10:56]} 20. Rac1 {[%clk 0:05:52]} Qb6 {[%clk 0:10:57]} 21. Rc2
{[%clk 0:05:27]} Rfc8 {[%clk 0:10:00]} 22. Rec1 {[%clk 0:04:46]} Nb4
{[%clk 0:09:39]} 23. Rd2 {[%clk 0:04:42]} h6 {[%clk 0:08:50]} 24. Bf4
{[%clk 0:04:07]} Nd5 {[%clk 0:08:50]} 25. Bg3 {[%clk 0:04:13]} h5
{[%clk 0:08:47]} 26. Ng5 {[%clk 0:04:02]} Ne7 {[%clk 0:07:50]} 27. Ne4
{[%clk 0:03:39]} Nf5 {[%clk 0:07:22]} 28. Nd6 {[%clk 0:03:22]} Nxd6
{[%clk 0:06:49]} 29. exd6 {[%clk 0:03:28]} Rc6 {[%clk 0:05:52]} 30. Rdc2
{[%clk 0:03:03]} Bh6 {[%clk 0:05:35]} 31. Re1 {[%clk 0:02:56]} Bf8
{[%clk 0:05:23]} 32. Rec1 {[%clk 0:03:00]} bxa4 {[%clk 0:05:04]} 33. bxa4
{[%clk 0:03:03]} Bxd6 {[%clk 0:05:05]} 34. Bxd6 {[%clk 0:03:08]} Rxd6
{[%clk 0:05:12]} 35. Rxc5 {[%clk 0:03:03]} Qxb2 {[%clk 0:03:57]} 36. Qe1
{[%clk 0:01:59]} Qb3 {[%clk 0:03:54]} 37. Qe2 {[%clk 0:02:03]} Qxa4
{[%clk 0:03:57]} 38. h3 {[%clk 0:02:06]} Rbd8 {[%clk 0:03:55]} 39. Rc8
{[%clk 0:02:07]} Qb5 {[%clk 0:03:46]} 40. R8c4 {[%clk 0:02:01]} a5
{[%clk 0:03:54]} 41. Qa2 {[%clk 0:01:59]} Qf5 {[%clk 0:03:53]} 42. Qc2
{[%clk 0:01:35]} Rd5 {[%clk 0:03:56]} 43. Ra1 {[%clk 0:01:38]} Kg7
{[%clk 0:03:52]} 44. Raa4 {[%clk 0:01:37]} Qe5 {[%clk 0:03:56]} 45. Qd2
{[%clk 0:01:36]} Rb5 {[%clk 0:03:57]} 46. Ra1 {[%clk 0:01:42]} Rdb8
{[%clk 0:04:03]} 47. Rcc1 {[%clk 0:01:42]} Qd5 {[%clk 0:03:46]} 48. Qf4
{[%clk 0:01:40]} e5 {[%clk 0:03:47]} 49. Qg3 {[%clk 0:01:35]} Re8
{[%clk 0:03:35]} 50. f3 {[%clk 0:01:32]} Rb3 {[%clk 0:03:38]} 51. Rd1
{[%clk 0:01:37]} Qb5 {[%clk 0:03:35]} 52. Kh2 {[%clk 0:01:24]} a4
{[%clk 0:03:29]} 53. Qg5 {[%clk 0:01:13]} Rxd3 {[%clk 0:03:28]} 54. Rxd3
{[%clk 0:01:21]} Qxd3 {[%clk 0:03:34]} 55. Rxa4 {[%clk 0:01:26]} Qf5
{[%clk 0:03:40]} 56. Qd2 {[%clk 0:01:24]} Rc8 {[%clk 0:03:43]} 57. Ra2
{[%clk 0:01:25]} Qe6 {[%clk 0:03:39]} 58. Rb2 {[%clk 0:01:30]} Rc3
{[%clk 0:03:40]} 59. Qg5 {[%clk 0:01:15]} Qf5 {[%clk 0:03:23]} 60. Qd2
{[%clk 0:01:16]} Rd3 {[%clk 0:03:24]} 61. Qe2 {[%clk 0:01:13]} Qf4+
{[%clk 0:03:26]} 62. Kh1 {[%clk 0:01:07]} Re3 {[%clk 0:03:32]} 63. Qd2
{[%clk 0:01:08]} Qg3 {[%clk 0:03:33]} 64. Rb1 {[%clk 0:01:12]} g5
{[%clk 0:03:14]} 65. Rf1 {[%clk 0:00:57]} Qf4 {[%clk 0:03:16]} 66. Qf2
{[%clk 0:00:57]} d3 {[%clk 0:03:22]} 67. Rd1 {[%clk 0:01:02]} Re2
{[%clk 0:03:27]} 68. Qg1 {[%clk 0:01:06]} d2 {[%clk 0:03:30]} 69. Qf1
{[%clk 0:01:10]} Qe3 {[%clk 0:03:37]} 70. Kh2 {[%clk 0:01:09]} Re1
{[%clk 0:03:41]} 71. Rxe1 {[%clk 0:01:11]} dxe1=Q {[%clk 0:03:39]} 0-1

[Event "mpj-chlopcy"]
[Site "?"]
[Date "2014.08.06"]
[Round "7.1"]
[White "Luczak, Filip"]
[Black "Oglaza, Oskar"]
[Result "0-1"]
[LiveChessVersion "1.4.3"]
[BlackElo "1555"]
[WhiteElo "1447"]

1. e4 {[%clk 0:15:18]} c5 {[%clk 0:15:19]} 2. Nf3 {[%clk 0:15:26]} Nc6
{[%clk 0:15:26]} 3. d4 {[%clk 0:15:28]} cxd4 {[%clk 0:15:35]} 4. Nxd4
{[%clk 0:15:37]} Qb6 {[%clk 0:15:32]} 5. Nb3 {[%clk 0:15:05]} Nf6
{[%clk 0:15:39]} 6. Nc3 {[%clk 0:15:07]} e6 {[%clk 0:15:46]} 7. Be3
{[%clk 0:15:09]} Qc7 {[%clk 0:15:52]} 8. Bd3 {[%clk 0:14:34]} Bb4
{[%clk 0:15:49]} 9. a3 {[%clk 0:14:15]} Bxc3+ {[%clk 0:15:50]} 10. bxc3
{[%clk 0:14:24]} O-O {[%clk 0:15:55]} 11. O-O {[%clk 0:14:19]} d6
{[%clk 0:15:54]} 12. Nd4 {[%clk 0:14:17]} a6 {[%clk 0:15:19]} 13. Rb1
{[%clk 0:13:30]} Bd7 {[%clk 0:15:01]} 14. f3 {[%clk 0:13:16]} b5 {[%clk 0:14:53]}
15. Qe2 {[%clk 0:12:56]} Ne5 {[%clk 0:14:48]} 16. f4 {[%clk 0:12:16]} Nxd3
{[%clk 0:14:36]} 17. Qxd3 {[%clk 0:12:04]} Rac8 {[%clk 0:14:13]} 18. Bd2
{[%clk 0:11:26]} Rfd8 {[%clk 0:12:24]} 19. Rbe1 {[%clk 0:10:44]} d5
{[%clk 0:10:56]} 20. e5 {[%clk 0:10:43]} Ne4 {[%clk 0:11:03]} 21. Rf3
{[%clk 0:08:20]} Qc4 {[%clk 0:10:13]} 22. Ree3 {[%clk 0:04:49]} Qxd3
{[%clk 0:08:46]} 23. Rxd3 {[%clk 0:04:56]} Rc4 {[%clk 0:08:52]} 24. Bc1
{[%clk 0:04:23]} Rdc8 {[%clk 0:08:44]} 25. Bb2 {[%clk 0:04:29]} Nc5
{[%clk 0:08:48]} 26. Rde3 {[%clk 0:04:22]} a5 {[%clk 0:08:39]} 27. g4
{[%clk 0:04:23]} Ne4 {[%clk 0:08:34]} 28. f5 {[%clk 0:03:55]} b4 {[%clk 0:08:21]}
29. Ne2 {[%clk 0:02:59]} bxa3 {[%clk 0:07:28]} 30. Bxa3 {[%clk 0:02:54]} Ra4
{[%clk 0:07:28]} 31. fxe6 {[%clk 0:02:46]} Bxe6 {[%clk 0:07:27]} 32. Bc1
{[%clk 0:02:48]} Bxg4 {[%clk 0:07:11]} 33. Rf2 {[%clk 0:02:33]} Nxf2
{[%clk 0:07:10]} 34. Kxf2 {[%clk 0:02:41]} Bxe2 {[%clk 0:07:15]} 35. Kxe2
{[%clk 0:02:49]} Rac4 {[%clk 0:07:20]} 36. Bb2 {[%clk 0:02:46]} a4
{[%clk 0:07:26]} 37. Ba1 {[%clk 0:02:53]} Kf8 {[%clk 0:07:05]} 38. Kd2
{[%clk 0:02:57]} Ke7 {[%clk 0:07:11]} 39. Rg3 {[%clk 0:02:55]} g6
{[%clk 0:07:17]} 40. Rf3 {[%clk 0:02:51]} Re4 {[%clk 0:07:15]} 41. c4
{[%clk 0:02:56]} Rexc4 {[%clk 0:07:17]} 42. c3 {[%clk 0:02:53]} Re4
{[%clk 0:07:22]} 43. c4 {[%clk 0:02:59]} Rexc4 {[%clk 0:07:27]} 44. Ra3
{[%clk 0:03:06]} Rh4 {[%clk 0:07:24]} 45. h3 {[%clk 0:03:10]} Rb8
{[%clk 0:07:14]} 46. Kc1 {[%clk 0:03:01]} Rb3 {[%clk 0:07:14]} 47. Ra2
{[%clk 0:03:07]} Rbxh3 {[%clk 0:07:16]} 48. Rxa4 {[%clk 0:03:16]} Rxa4
{[%clk 0:07:22]} 49. Bb2 {[%clk 0:03:20]} Rh2 {[%clk 0:07:26]} 50. Kb1
{[%clk 0:03:28]} Rb4 {[%clk 0:07:32]} 51. Kc1 {[%clk 0:03:35]} Rbxb2
{[%clk 0:07:36]} 52. e6 {[%clk 0:03:43]} Rbg2 {[%clk 0:07:36]} 53. Kd1
{[%clk 0:03:52]} Rg1# {[%clk 0:07:42]} 0-1

[Event "mpj-chlopcy"]
[Site "?"]
[Date "2014.08.06"]
[Round "7.2"]
[White "Baum, Jonasz"]
[Black "Czechowski, Jakub"]
[Result "1-0"]
[LiveChessVersion "1.4.3"]
[BlackElo "1396"]
[WhiteElo "1525"]

1. e4 {[%clk 0:15:19]} e5 {[%clk 0:15:20]} 2. Nc3 {[%clk 0:15:28]} Nf6
{[%clk 0:15:28]} 3. Bc4 {[%clk 0:15:34]} Nc6 {[%clk 0:15:31]} 4. d3
{[%clk 0:15:26]} Bc5 {[%clk 0:15:24]} 5. f4 {[%clk 0:15:31]} d6 {[%clk 0:15:25]}
6. Nf3 {[%clk 0:15:38]} Bg4 {[%clk 0:15:32]} 7. h3 {[%clk 0:15:36]} Bxf3
{[%clk 0:15:21]} 8. Qxf3 {[%clk 0:15:21]} Nd4 {[%clk 0:15:12]} 9. Qg3
{[%clk 0:15:21]} Qe7 {[%clk 0:13:19]} 10. fxe5 {[%clk 0:14:05]} dxe5
{[%clk 0:13:28]} 11. Kd1 {[%clk 0:13:54]} O-O-O {[%clk 0:13:10]} 12. Bg5
{[%clk 0:13:08]} h6 {[%clk 0:12:14]} 13. Nd5 {[%clk 0:12:44]} Qd6
{[%clk 0:10:51]} 14. Bxf6 {[%clk 0:11:21]} gxf6 {[%clk 0:10:58]} 15. Rf1
{[%clk 0:09:11]} Rhg8 {[%clk 0:11:02]} 16. Qh2 {[%clk 0:08:20]} Rg6
{[%clk 0:07:03]} 17. g4 {[%clk 0:07:43]} c6 {[%clk 0:06:51]} 18. Ne3
{[%clk 0:07:29]} Qd7 {[%clk 0:06:00]} 19. Ng2 {[%clk 0:05:21]} b5
{[%clk 0:05:22]} 20. Bb3 {[%clk 0:05:10]} Nxb3 {[%clk 0:05:27]} 21. axb3
{[%clk 0:05:18]} Bd4 {[%clk 0:05:19]} 22. Kc1 {[%clk 0:05:04]} Qc7
{[%clk 0:03:32]} 23. Kb1 {[%clk 0:04:12]} Qb6 {[%clk 0:03:34]} 24. Nh4
{[%clk 0:03:35]} Rgg8 {[%clk 0:03:12]} 25. Rxf6 {[%clk 0:03:04]} a5
{[%clk 0:03:08]} 26. Nf5 {[%clk 0:02:37]} a4 {[%clk 0:03:16]} 27. Rxc6+ 1-0

[Event "mpj-chlopcy"]
[Site "?"]
[Date "2014.08.06"]
[Round "7.3"]
[White "Bachor, Tomasz"]
[Black "Koszewski, Daniel"]
[Result "1/2-1/2"]
[LiveChessVersion "1.4.3"]
[BlackElo "1505"]
[WhiteElo "1353"]

1. e4 {[%clk 0:15:16]} c6 {[%clk 0:14:52]} 2. c4 {[%clk 0:15:05]} d5
{[%clk 0:15:01]} 3. cxd5 {[%clk 0:15:13]} cxd5 {[%clk 0:15:11]} 4. exd5
{[%clk 0:15:21]} Qxd5 {[%clk 0:15:20]} 5. Nc3 {[%clk 0:15:27]} Qd8
{[%clk 0:15:29]} 6. Nf3 {[%clk 0:15:31]} Nf6 {[%clk 0:15:38]} 7. d4
{[%clk 0:15:36]} e6 {[%clk 0:15:44]} 8. Be3 {[%clk 0:15:41]} Be7 {[%clk 0:15:42]}
9. Be2 {[%clk 0:15:40]} O-O {[%clk 0:15:48]} 10. O-O {[%clk 0:15:45]} Nc6
{[%clk 0:14:29]} 11. h3 {[%clk 0:15:45]} a6 {[%clk 0:12:53]} 12. a3
{[%clk 0:15:00]} Nd5 {[%clk 0:11:24]} 13. Nxd5 {[%clk 0:14:55]} Qxd5
{[%clk 0:11:29]} 14. Rc1 {[%clk 0:14:27]} Rd8 {[%clk 0:10:30]} 15. Qd2
{[%clk 0:13:44]} Bf6 {[%clk 0:10:25]} 16. Rfd1 {[%clk 0:13:24]} Na5
{[%clk 0:10:07]} 17. Rc5 {[%clk 0:12:19]} Qxc5 {[%clk 0:09:14]} 18. dxc5
{[%clk 0:11:52]} Rxd2 {[%clk 0:09:19]} 19. Rxd2 {[%clk 0:11:50]} Nc6
{[%clk 0:08:55]} 20. Bg5 {[%clk 0:10:49]} Bxg5 {[%clk 0:08:00]} 21. Nxg5
{[%clk 0:10:51]} h6 {[%clk 0:07:53]} 22. Ne4 {[%clk 0:10:25]} Kf8
{[%clk 0:07:01]} 23. b4 {[%clk 0:09:25]} Ke7 {[%clk 0:06:44]} 24. Nd6
{[%clk 0:09:18]} Rb8 {[%clk 0:05:10]} 25. Bf3 {[%clk 0:08:33]} Bd7
{[%clk 0:05:10]} 26. Kf1 {[%clk 0:07:40]} Nd8 {[%clk 0:04:32]} 27. Ke2
{[%clk 0:05:52]} Bc6 {[%clk 0:04:32]} 28. Be4 {[%clk 0:05:26]} Bxe4
{[%clk 0:04:32]} 29. Nxe4 {[%clk 0:05:34]} Nc6 {[%clk 0:04:18]} 30. Ke3
{[%clk 0:05:27]} Ne5 {[%clk 0:04:07]} 31. Rc2 {[%clk 0:04:23]} h5
{[%clk 0:02:38]} 32. f4 {[%clk 0:04:05]} Nc6 {[%clk 0:02:42]} 33. Rd2
{[%clk 0:04:04]} f6 {[%clk 0:01:54]} 34. Nd6 {[%clk 0:03:22]} e5 {[%clk 0:01:53]}
35. f5 {[%clk 0:02:43]} Nd4 36. Ke4 b6 37. Rd3 bxc5 38. Nc4 Rc8 {[%clk 0:01:31]}
39. bxc5 1/2-1/2

[Event "mpj-chlopcy"]
[Site "?"]
[Date "2014.08.06"]
[Round "7.4"]
[White "Skurniak, Szymon"]
[Black "Koziorowicz, Michal"]
[Result "1-0"]
[LiveChessVersion "1.4.3"]
[BlackElo "1406"]
[WhiteElo "1367"]

1. e4 {[%clk 0:15:19]} e5 {[%clk 0:15:19]} 2. Nf3 {[%clk 0:15:26]} Nc6
{[%clk 0:15:29]} 3. d4 {[%clk 0:15:35]} exd4 {[%clk 0:15:38]} 4. Nxd4
{[%clk 0:15:45]} Nf6 {[%clk 0:15:46]} 5. Nxc6 {[%clk 0:15:52]} dxc6
{[%clk 0:15:52]} 6. Qxd8+ {[%clk 0:15:43]} Kxd8 {[%clk 0:16:01]} 7. e5
{[%clk 0:15:51]} Nd5 {[%clk 0:15:58]} 8. Bd2 {[%clk 0:15:53]} Be6
{[%clk 0:16:05]} 9. c4 {[%clk 0:15:51]} Nb6 {[%clk 0:16:13]} 10. b3
{[%clk 0:15:54]} a5 {[%clk 0:15:52]} 11. a4 {[%clk 0:15:43]} Bc5 {[%clk 0:15:55]}
12. Nc3 {[%clk 0:14:41]} Nd7 {[%clk 0:15:27]} 13. f4 {[%clk 0:14:34]} Bd4
{[%clk 0:15:35]} 14. Rd1 {[%clk 0:14:41]} Ke7 {[%clk 0:15:29]} 15. Bd3
{[%clk 0:13:10]} Nc5 {[%clk 0:15:18]} 16. Bc2 {[%clk 0:13:13]} Bg4
{[%clk 0:15:15]} 17. Rc1 {[%clk 0:13:18]} f6 {[%clk 0:14:38]} 18. h3
{[%clk 0:12:35]} Bh5 {[%clk 0:14:43]} 19. g4 {[%clk 0:12:22]} Bf7
{[%clk 0:14:47]} 20. exf6+ {[%clk 0:11:32]} Bxf6 {[%clk 0:14:14]} 21. O-O
{[%clk 0:11:20]} Rhd8 {[%clk 0:12:45]} 22. Be3 {[%clk 0:11:06]} Ne6
{[%clk 0:12:28]} 23. Ne4 {[%clk 0:10:59]} Bd4 {[%clk 0:11:16]} 24. Bxd4
{[%clk 0:11:00]} Nxd4 {[%clk 0:11:25]} 25. Bd1 {[%clk 0:09:21]} Kf8
{[%clk 0:10:49]} 26. Ng5 {[%clk 0:09:02]} h6 {[%clk 0:10:21]} 27. Nxf7
{[%clk 0:08:56]} Kxf7 {[%clk 0:10:30]} 28. g5 {[%clk 0:06:51]} Re8
{[%clk 0:09:26]} 29. h4 {[%clk 0:06:13]} Re3 {[%clk 0:09:17]} 30. Rb1
{[%clk 0:04:53]} Rae8 {[%clk 0:08:54]} 31. f5 {[%clk 0:03:33]} Rg3+
{[%clk 0:08:51]} 32. Kh2 {[%clk 0:02:46]} Ree3 {[%clk 0:08:45]} 33. Bh5+
{[%clk 0:02:44]} Kf8 {[%clk 0:08:45]} 34. Rbe1 {[%clk 0:01:14]} Rxe1
{[%clk 0:07:10]} 35. Rxe1 {[%clk 0:01:20]} Nf3+ {[%clk 0:07:19]} 36. Kxg3
{[%clk 0:01:18]} Nxe1 {[%clk 0:07:27]} 37. f6 {[%clk 0:00:52]} hxg5
{[%clk 0:07:22]} 38. hxg5 {[%clk 0:00:51]} gxf6 {[%clk 0:07:31]} 39. Bg6
{[%clk 0:01:00]} fxg5 {[%clk 0:06:27]} 40. Kf2 {[%clk 0:01:02]} Ke7
{[%clk 0:06:35]} 41. Kxe1 {[%clk 0:01:03]} Kd6 {[%clk 0:06:42]} 42. Kd2
{[%clk 0:01:09]} Kc5 {[%clk 0:06:36]} 43. Kc3 {[%clk 0:01:05]} g4
{[%clk 0:06:42]} 44. Be4 {[%clk 0:01:10]} g3 {[%clk 0:06:29]} 45. Bg2
{[%clk 0:01:12]} b5 {[%clk 0:06:37]} 46. Bf3 {[%clk 0:01:03]} Kb6
{[%clk 0:06:22]} 47. Kd4 {[%clk 0:01:04]} b4 {[%clk 0:04:33]} 48. c5+
{[%clk 0:01:03]} Kb7 {[%clk 0:04:42]} 49. Kc4 {[%clk 0:01:12]} Kc8
{[%clk 0:04:42]} 50. Bxc6 {[%clk 0:01:21]} Kd8 {[%clk 0:04:50]} 51. Kb5
{[%clk 0:01:28]} Ke7 {[%clk 0:04:58]} 52. Kxa5 {[%clk 0:01:37]} Ke6
{[%clk 0:05:02]} 53. Kxb4 {[%clk 0:01:45]} Ke5 {[%clk 0:05:10]} 54. a5 1-0

[Event "mpj-chlopcy"]
[Site "?"]
[Date "2014.08.06"]
[Round "8.1"]
[White "Oglaza, Oskar"]
[Black "Skurniak, Szymon"]
[Result "1-0"]
[LiveChessVersion "1.4.3"]
[BlackElo "1367"]
[WhiteElo "1555"]

1. e4 {[%clk 0:15:14]} c5 {[%clk 0:15:18]} 2. Nf3 {[%clk 0:15:21]} a6
{[%clk 0:15:27]} 3. d4 {[%clk 0:15:28]} cxd4 {[%clk 0:15:35]} 4. Nxd4
{[%clk 0:15:35]} e5 {[%clk 0:15:43]} 5. Nb3 {[%clk 0:15:38]} Nf6 {[%clk 0:15:49]}
6. Bd3 {[%clk 0:15:27]} d5 {[%clk 0:15:51]} 7. exd5 {[%clk 0:15:32]} Nxd5
{[%clk 0:15:59]} 8. Bc4 {[%clk 0:15:03]} Be6 {[%clk 0:15:56]} 9. Qe2
{[%clk 0:13:23]} Nc6 {[%clk 0:15:30]} 10. O-O {[%clk 0:13:21]} Be7
{[%clk 0:15:23]} 11. Bxd5 {[%clk 0:12:58]} Qxd5 {[%clk 0:14:47]} 12. Nc3
{[%clk 0:12:06]} Qc4 {[%clk 0:14:31]} 13. Qe1 {[%clk 0:10:29]} O-O
{[%clk 0:14:00]} 14. Bd2 {[%clk 0:09:34]} f5 {[%clk 0:11:20]} 15. Rd1
{[%clk 0:09:01]} Qg4 {[%clk 0:10:01]} 16. f3 {[%clk 0:08:36]} Qg6
{[%clk 0:10:06]} 17. Kh1 {[%clk 0:07:13]} Qh5 {[%clk 0:09:41]} 18. Ne2
{[%clk 0:06:18]} f4 {[%clk 0:09:34]} 19. Nxf4 {[%clk 0:05:40]} Rxf4
{[%clk 0:09:11]} 20. Bxf4 {[%clk 0:05:46]} Bxb3 {[%clk 0:09:19]} 21. axb3
{[%clk 0:05:39]} exf4 {[%clk 0:09:25]} 22. Rd7 {[%clk 0:05:09]} Bh4
{[%clk 0:06:44]} 23. Qe6+ {[%clk 0:05:15]} Kh8 {[%clk 0:06:50]} 24. Qf7
{[%clk 0:05:05]} Qh6 {[%clk 0:06:27]} 25. Rxb7 {[%clk 0:04:19]} Bg3
{[%clk 0:04:43]} 26. h3 {[%clk 0:04:26]} Nd4 {[%clk 0:04:06]} 27. Re7
{[%clk 0:03:31]} Qg6 {[%clk 0:03:44]} 28. Qd5 {[%clk 0:03:20]} Nc6
{[%clk 0:03:36]} 29. Re6 {[%clk 0:03:24]} Qxc2 {[%clk 0:03:07]} 30. Rxc6
{[%clk 0:03:14]} Qe2 {[%clk 0:02:33]} 31. Rfc1 {[%clk 0:03:03]} Qe8
{[%clk 0:02:02]} 32. Qc4 {[%clk 0:02:03]} h6 {[%clk 0:01:36]} 33. Rc8
{[%clk 0:01:41]} Rxc8 {[%clk 0:01:45]} 34. Qxc8 {[%clk 0:01:50]} Qxc8
{[%clk 0:01:54]} 35. Rxc8+ {[%clk 0:01:58]} Kh7 {[%clk 0:02:03]} 36. Ra8
{[%clk 0:02:06]} Bf2 37. Rxa6 {[%clk 0:02:13]} Bd4 {[%clk 0:02:10]} 38. Ra4
{[%clk 0:02:15]} Bxb2 {[%clk 0:02:17]} 39. Rxf4 {[%clk 0:02:23]} g5
{[%clk 0:02:24]} 40. Rc4 {[%clk 0:02:26]} Kg6 {[%clk 0:02:31]} 41. b4
{[%clk 0:02:34]} Kf5 {[%clk 0:02:36]} 42. b5 {[%clk 0:02:41]} Be5
{[%clk 0:02:42]} 43. b6 {[%clk 0:02:46]} Ke6 {[%clk 0:02:51]} 44. b7
{[%clk 0:02:51]} Kf5 {[%clk 0:02:45]} 45. Rc8 {[%clk 0:02:55]} Kg6
{[%clk 0:02:53]} 46. b8=R {[%clk 0:03:00]} Bxb8 {[%clk 0:02:58]} 47. Rxb8
{[%clk 0:03:06]} Kh5 {[%clk 0:03:06]} 48. Kh2 {[%clk 0:03:10]} Kh4
{[%clk 0:03:11]} 49. g4 {[%clk 0:03:01]} h5 {[%clk 0:03:18]} 50. Ra8
{[%clk 0:03:04]} hxg4 {[%clk 0:03:22]} 51. Rh8# 1-0

[Event "mpj-chlopcy"]
[Site "?"]
[Date "2014.08.06"]
[Round "8.2"]
[White "Luczak, Filip"]
[Black "Baum, Jonasz"]
[Result "1-0"]
[LiveChessVersion "1.4.3"]
[BlackElo "1525"]
[WhiteElo "1447"]

1. e4 {[%clk 0:15:18]} e5 {[%clk 0:15:19]} 2. Nf3 {[%clk 0:15:26]} Nc6
{[%clk 0:15:28]} 3. Bb5 {[%clk 0:15:21]} a6 {[%clk 0:15:37]} 4. Ba4
{[%clk 0:15:29]} Nf6 {[%clk 0:15:45]} 5. Nc3 {[%clk 0:15:38]} b5 {[%clk 0:15:24]}
6. Bb3 {[%clk 0:15:38]} Be7 {[%clk 0:15:19]} 7. d3 {[%clk 0:15:43]} O-O 8. O-O
{[%clk 0:15:41]} d6 {[%clk 0:14:46]} 9. h3 {[%clk 0:15:49]} h6 {[%clk 0:14:04]}
10. Be3 {[%clk 0:15:55]} Be6 {[%clk 0:13:26]} 11. Qd2 {[%clk 0:14:14]} Qd7
{[%clk 0:11:47]} 12. Rad1 {[%clk 0:13:13]} Nd8 {[%clk 0:09:30]} 13. Nd5
{[%clk 0:11:31]} Nxd5 {[%clk 0:08:16]} 14. exd5 {[%clk 0:11:24]} Bf5
{[%clk 0:08:20]} 15. d4 {[%clk 0:11:05]} e4 {[%clk 0:06:51]} 16. Nh2
{[%clk 0:10:41]} Bh7 {[%clk 0:06:15]} 17. f3 {[%clk 0:10:07]} Re8
{[%clk 0:05:20]} 18. fxe4 {[%clk 0:09:02]} Bxe4 {[%clk 0:04:23]} 19. Rde1
{[%clk 0:08:31]} Bh4 {[%clk 0:03:49]} 20. Bf2 {[%clk 0:08:13]} Bg5
{[%clk 0:03:29]} 21. Be3 {[%clk 0:07:42]} Bh4 {[%clk 0:03:24]} 22. Bf2
{[%clk 0:06:55]} Bg5 {[%clk 0:03:29]} 23. Be3 {[%clk 0:07:04]} Bh4
{[%clk 0:03:08]} 24. Re2 {[%clk 0:06:18]} Qc8 {[%clk 0:02:14]} 25. Rf4
{[%clk 0:05:31]} Bg3 {[%clk 0:01:14]} 26. Rg4 {[%clk 0:05:19]} Bxh2+
{[%clk 0:01:21]} 27. Kxh2 {[%clk 0:05:27]} Bg6 {[%clk 0:01:21]} 28. c3
{[%clk 0:04:23]} Qd7 {[%clk 0:00:32]} 29. Bc2 {[%clk 0:04:15]} Bxc2
{[%clk 0:00:30]} 30. Qxc2 {[%clk 0:04:24]} Kh8 {[%clk 0:00:23]} 31. Qd3
{[%clk 0:02:48]} Nb7 {[%clk 0:00:23]} 32. Rf2 {[%clk 0:02:26]} Na5
{[%clk 0:00:25]} 33. b3 {[%clk 0:02:23]} Nb7 {[%clk 0:00:27]} 34. Rgf4
{[%clk 0:02:23]} Re7 {[%clk 0:00:36]} 35. Bd2 {[%clk 0:01:48]} Rae8
{[%clk 0:00:39]} 36. Qf3 {[%clk 0:01:46]} f6 {[%clk 0:00:39]} 37. a3
{[%clk 0:01:13]} Nd8 {[%clk 0:00:39]} 38. c4 {[%clk 0:00:46]} bxc4
{[%clk 0:00:41]} 39. bxc4 {[%clk 0:00:55]} Rf7 {[%clk 0:00:39]} 40. c5
{[%clk 0:00:52]} c6 {[%clk 0:00:30]} 41. dxc6 {[%clk 0:00:37]} Qxc6
{[%clk 0:00:36]} 42. Qxc6 {[%clk 0:00:42]} Nxc6 {[%clk 0:00:45]} 43. cxd6
{[%clk 0:00:51]} Rd7 {[%clk 0:00:46]} 44. d5 {[%clk 0:01:00]} Nd8
{[%clk 0:00:45]} 45. Bb4 {[%clk 0:01:09]} Nb7 {[%clk 0:00:47]} 46. Rc4
{[%clk 0:01:02]} a5 {[%clk 0:00:29]} 47. Bc5 {[%clk 0:00:57]} Rc8
{[%clk 0:00:30]} 48. Rfc2 {[%clk 0:00:59]} Nxd6 {[%clk 0:00:23]} 49. Bxd6
{[%clk 0:01:06]} Rxc4 {[%clk 0:00:33]} 50. Rxc4 {[%clk 0:01:15]} Rxd6
{[%clk 0:00:42]} 51. Rc5 {[%clk 0:01:24]} a4 {[%clk 0:00:37]} 52. Kg3
{[%clk 0:01:30]} Kg8 {[%clk 0:00:43]} 53. Kf4 {[%clk 0:01:38]} Kf7
{[%clk 0:00:50]} 54. Ke4 {[%clk 0:01:42]} Ke7 {[%clk 0:00:54]} 55. Ra5
{[%clk 0:01:37]} g6 {[%clk 0:00:36]} 56. Rxa4 {[%clk 0:01:41]} f5+
{[%clk 0:00:44]} 57. Ke5 {[%clk 0:01:45]} Rd7 {[%clk 0:00:43]} 58. Ra6
{[%clk 0:01:49]} Rb7 {[%clk 0:00:32]} 59. Rxg6 {[%clk 0:01:47]} Rb3
{[%clk 0:00:32]} 60. Rxh6 {[%clk 0:01:30]} f4 {[%clk 0:00:39]} 61. Kxf4
{[%clk 0:01:32]} Rxa3 {[%clk 0:00:48]} 62. g4 {[%clk 0:01:36]} Rd3
{[%clk 0:00:49]} 63. d6+ {[%clk 0:01:43]} Kd7 {[%clk 0:00:46]} 64. g5
{[%clk 0:01:43]} Rd1 {[%clk 0:00:43]} 65. g6 {[%clk 0:01:43]} Rf1+
{[%clk 0:00:37]} 66. Ke5 {[%clk 0:01:45]} Re1+ {[%clk 0:00:43]} 67. Kf6
{[%clk 0:01:53]} Rf1+ {[%clk 0:00:52]} 68. Kg7 {[%clk 0:02:01]} Kxd6
{[%clk 0:01:01]} 69. Kh7 {[%clk 0:02:07]} Ke7 {[%clk 0:00:52]} 70. g7
{[%clk 0:02:16]} Rf7 {[%clk 0:01:01]} 71. Kh8 {[%clk 0:02:18]} Ke8
{[%clk 0:00:44]} 72. g8=Q+ {[%clk 0:02:24]} Ke7 {[%clk 0:00:52]} 73. Qg5+
{[%clk 0:02:25]} Ke8 {[%clk 0:00:46]} 74. Qe5+ {[%clk 0:02:29]} Kf8
{[%clk 0:00:44]} 75. Rf6 {[%clk 0:02:19]} Rxf6 {[%clk 0:00:47]} 76. Qxf6+
{[%clk 0:02:27]} Ke8 {[%clk 0:00:56]} 77. Qg7 {[%clk 0:02:32]} Kd8
{[%clk 0:01:05]} 78. Qf7 {[%clk 0:02:41]} Kc8 {[%clk 0:01:14]} 79. Qe7
{[%clk 0:02:50]} Kb8 {[%clk 0:01:23]} 80. Qd7 {[%clk 0:02:58]} Ka8
{[%clk 0:01:33]} 81. Kg7 {[%clk 0:03:07]} Kb8 {[%clk 0:01:42]} 82. Kf6
{[%clk 0:03:16]} Ka8 {[%clk 0:01:52]} 83. Ke6 1-0